=LDR 00000nam 2200000 4500 =001 INLIS000000000050918 =005 20170807072855 =035 ##$$a 0010-0817000101 =007 ta =008 170807###########################0###### =020 ##$$a 602-7929-80-4 =082 ##$$a 636.6 =084 ##$$a 636.6 BET =245 ##$$a Beternak Kenari Import : $b Cara Meningkatkan Kualitas Kenari Lokal dengan Grading up =250 ##$$a cet.1 =260 ##$$a Surakarta :$b Visi Mandiri,$c 2014 =300 ##$$a vi, 74 hlm : $b ilus. ; $c 23 cm =650 ##$$a Burung Kenari - Peternakan =700 #$$a M. Lukmanul Hakiem =990 ##$$a 90049004 =990 ##$$a 31701784